Bruno Mars - Perm - Statistics

General Stats
  • This quiz has been taken 16 times
  • The average score is 344 of 500
Answer Stats
Hint Answer % Correct
a
100%
an
100%
I
100%
look
100%
me
100%
(No
100%
you
100%
You
100%
and
90%
at
90%
But
90%
For
90%
for
90%
go
90%
good
90%
her
90%
it
90%
on
90%
the
90%
though
90%
want
90%
your
90%
autograph
80%
baby
80%
be
80%
birthday
80%
do
80%
friends
80%
got
80%
Got
80%
in
80%
Verse:1 It's
80%
it's
80%
like
80%
looking
80%
love
80%
my
80%
not)
80%
pen
80%
penthouse
80%
perm
80%
still
80%
take
80%
that
80%
all
70%
attitude
70%
back
70%
bet
70%
don't
70%
don't)
70%
Don't
70%
forget
70%
get
70%
Girl
70%
girl
70%
gotta
70%
here
70%
(Hot
70%
hot)
70%
I'm
70%
Instagram
70%
know
70%
Let
70%
need
70%
Intro: Now
70%
now
70%
So
70%
so
70%
some
70%
Chorus: Throw
70%
to
70%
Twitter
70%
What
70%
what
70%
with
70%
activate
60%
(activate
60%
ain't
60%
gon'
60%
how
60%
keep
60%
lay
60%
lean
60%
(lean)
60%
(Lean)
60%
let's
60%
lil
60%
man?
60%
minute
60%
never
60%
of
60%
Ooh
60%
(Ooh)
60%
relax
60%
say
60%
sexy
60%
sexy)
60%
sheen
60%
(Sheen)
60%
show
60%
Show
60%
Silky
60%
(silky
60%
smooth
60%
That's
60%
wait
60%
Wait
60%
walking
60%
wanna
60%
where
60%
woah
60%
again
50%
booty
50%
can't
50%
Can't
50%
comb
50%
Verse:2 Come
50%
dance
50%
Dazzle
50%
didn't
50%
done
50%
down
50%
down?
50%
fact
50%
hair
50%
have
50%
him
50%
If
50%
is
50%
Matter
50%
mean
50%
might
50%
One
50%
Put
50%
Pre-Chorus: Razzle
50%
see
50%
them
50%
Then
50%
up
50%
won't
50%
work
50%
Ah
40%
band
40%
big
40%
butt
40%
card
40%
ever
40%
flat
40%
Hey
40%
just
40%
Loosen
40%
ol'
40%
pat
40%
phone
40%
playing
40%
pour
40%
Pour
40%
pretty
40%
rhythm?
40%
shoulders
40%
smile
40%
snap
40%
snap)
40%
stop
40%
till
40%
time
40%
we
40%
angry
30%
been
30%
could
30%
follow
30%
fun
30%
hard?
30%
instructions
30%
more
30%
ready?
30%
simple
30%
sit
30%
stingy
30%
There's
30%
these
30%
tryna
30%
Alright
20%
Chorus: I'll
20%
Ow
20%
throw
20%
tonight
20%
Was
20%
sing
0%
No matching quizzes found
Score Distribution
Percent of People with Each Score
Percentile by Number Answered
Your Score History
You have not taken this quiz